Tratado de la naturaleza humana: autobiografía
Guardat en:
| Autor principal: | |
|---|---|
| Altres autors: | |
| Format: | Llibre |
| Publicat: |
Madrid, España:
Tecnos,
1992.
|
| Edició: | 2.ª edición. |
| Col·lecció: | Clásicos del pensamiento,
|
| Matèries: | |
| Etiquetes: |
Afegir etiqueta
Sense etiquetes, Sigues el primer a etiquetar aquest registre!
|
MARC
| LEADER | 00000nam a2200000 a 4500 | ||
|---|---|---|---|
| 001 | UCV0169 | ||
| 003 | CL-VaPUC | ||
| 005 | 20220822114548.0 | ||
| 008 | 220706t1992 ||||| |||| 00| 0 eng | ||
| 999 | |c 436741 |d 436739 | ||
| 020 | |a 84-309-1565-6 | ||
| 040 | |c Pontificia Universidad Católica de Valparaíso | ||
| 082 | 0 | 4 | |a 192 HUM 1992 |2 21 |
| 100 | |a Hume, David |e autor |9 858138 | ||
| 245 | 1 | 0 | |a Tratado de la naturaleza humana: autobiografía |
| 250 | |a 2.ª edición. | ||
| 260 | |a Madrid, España: |b Tecnos, |c 1992. | ||
| 300 | |a 841 páginas | ||
| 490 | |a Clásicos del pensamiento, |n 47 | ||
| 500 | |a c.1 Donación Familia Prof. Alejandro Guzmán Brito. | ||
| 583 | |a last modification |c 20190914 10:29:42 |k Cristina María Rojas Aguilar | ||
| 650 | 0 | |a Empirismo |9 255037 | |
| 650 | 0 | |a Teoría del conocimiento |9 255038 | |
| 700 | |a Duque, Félix |e editor |9 245661 | ||
| 852 | |a BIBDER | ||
| 942 | |c BK |2 ddc |n 0 | ||
| 952 | |0 0 |1 0 |2 ddc |4 0 |6 192_000000000000000_HUM_1992 |7 0 |8 C_AGB |9 584443 |a BIBDER |b BIBDER |d 2022-07-06 |e Donación |i 5652554 |o 192 HUM 1992 |p 5652554 |r 2023-01-25 |t 1 |w 2022-07-06 |y BK_US |k AGB | ||